00339nam a2200133Ia 4500008004100000041000800041082001700049100002000066245003900086250000600125260005200131300001300183650000900196210716s1987 xx 000 0 und d aeng a005.135 BISA aBiswas, Anupam. aProfessional computer programming. a1 aBombaybPopular Prakashan Private Limitedc1987 aviii,132 aNone